N'oubliez pas les paroles! - Spécial Disney - Statistiques

Statistiques générales
  • Ce quiz a été pris 20 832 fois
  • Le résultat moyen est 22 sur 33
Réponses sur la Carte
Les réponses sont colorées sur une échelle allant du rouge au vert en fonction du pourcentage des utilisateurs qui les ont devinées à leur premier essai. Vous pouvez retrouver ces pourcentages ci-dessous.
 
Statistiques - réponses
Chanson Mot % Correct
3 m
95%
2 en
94%
4 en
94%
4 un
84%
1 ma
80%
4 une
80%
4 entrée
79%
1 maison
79%
4 triomphale
77%
4 rugissement
76%
4 bestial
75%
3 qui
72%
2 plein
71%
4 royalement
71%
4 poussant
70%
2 ciel
69%
4 très
69%
3 ces
67%
3 entourent
63%
5 et
58%
5 comme
56%
5 des
55%
5 vous
55%
5 vous
55%
3 portraits
53%
5 hommes
52%
5 ne
52%
5 jamais
48%
5 serez
48%
5 chez
47%
5 rentrez
46%
5 forts
45%
5 vaillants
44%
Aucun quiz correspondant
Distribution des résultats
% des personnes avec chaque résultat
Percentile par nombre de réponses
Votre historique - résultats
Vous n’avez pas pris ce quiz